Мастер и подмастерье (Запись № 10588097)
[ простой вид ]
| 000 -МАРКЕР | |
|---|---|
| контрольное поле | 01704nam0a2200397 i 4500 |
| 001 - ИДЕНТИФИКАТОР ЗАПИСИ | |
| контрольное поле | RU\NLR\BIBL_A\010299840 |
| 005 - ИДЕНТИФИКАТОР ВЕРСИИ | |
| контрольное поле | 20260406030142.0 |
| 010 ## - МЕЖДУНАРОДНЫЙ СТАНДАРТНЫЙ НОМЕР КНИГИ (ISBN) | |
| Номер (ISBN) | 978-5-295-05869-1 |
| Тираж | 2000 |
| 021 ## - НОМЕР ГОСУДАРСТВЕННОЙ РЕГИСТРАЦИИ | |
| Код страны | российская федерация |
| Номер | 2014-5498 |
| Номер Листа государственной регистраци | 338 |
| 035 ## - ДРУГИЕ СИСТЕМНЫЕ НОМЕРА | |
| Идентификатор записи | (NILC)RuMoRGB-006733960 |
| 035 ## - ДРУГИЕ СИСТЕМНЫЕ НОМЕРА | |
| Идентификатор записи | (NLR Aleph) 010299840 |
| 100 ## - ДАННЫЕ ОБЩЕЙ ОБРАБОТКИ | |
| Данные общей обработки | 20140328d2013 dm y0rusy50 ca |
| 101 1# - ЯЗЫК РЕСУРСА | |
| Язык текста, звукозаписи и т.д. | башкирский |
| -- | русский |
| -- | английский |
| Язык оригинала | не определено |
| 102 ## - СТРАНА ПУБЛИКАЦИИ ИЛИ ПРОИЗВОДСТВА | |
| Страна публикации | российская федерация |
| -- | российская федерация |
| 105 ## - ПОЛЕ КОДИРОВАННЫХ ДАННЫХ: ТЕКСТОВЫЕ МАТЕРИАЛЫ, МОНОГРАФИЧЕСКИЕ | |
| Кодированные данные о монографическом текстовом документе | a|||z|||000ay |
| 200 1# - ЗАГЛАВИЕ И СВЕДЕНИЯ ОБ ОТВЕТСТВЕННОСТИ | |
| Основное заглавие | Мастер и подмастерье |
| Параллельное заглавие | Һөнәрсе менән өйрәнсек |
| -- | The story of master and apprentice |
| Язык параллельного заглавия | башкирский |
| -- | английский |
| 210 ## - ПУБЛИКАЦИЯ, РАСПРОСТРАНЕНИЕ И ДР. | |
| Место издания, распространения и т.д. | Өфө |
| Имя издателя, распространителя и т. д. | Китап |
| Дата издания, распространения и т.д. | 2013 |
| 215 ## - ФИЗИЧЕСКАЯ ХАРАКТЕРИСТИКА | |
| Размеры | 25 |
| Специфическое обозначение материала и объем | 119 с. |
| Другие сведения о физической характеристике | цв. ил. |
| 300 ## - ОБЩИЕ ПРИМЕЧАНИЯ | |
| Текст примечания | Авт. также на башк. яз.: Зәйнәб Биишева; на англ. яз.: Zainab Biisheva |
| 300 ## - ОБЩИЕ ПРИМЕЧАНИЯ | |
| Текст примечания | Текст парал. англ., башк. и рус. яз. |
| 510 1# - ПАРАЛЛЕЛЬНОЕ ЗАГЛАВИЕ | |
| Связь между полями | z48790 |
| Параллельное заглавие | Һөнәрсе менән өйрәнсек |
| Язык заглавия | башкирский |
| 510 1# - ПАРАЛЛЕЛЬНОЕ ЗАГЛАВИЕ | |
| Связь между полями | z34790 |
| Параллельное заглавие | The story of master and apprentice |
| Язык заглавия | английский |
| 686 0# - ИНДЕКСЫ ДРУГИХ КЛАССИФИКАЦИЙ | |
| Индекс | Ш9(2)62=Башк7-4 |
| 700 #1 - ИМЯ ЛИЦА - ПЕРВИЧНАЯ ОТВЕТСТВЕННОСТЬ | |
| Код отношения | Автор |
| Материалы, к которым относится поле | rus |
| Графика поля | Кириллица |
| Начальный элемент ввода | Биишева |
| Часть имени, кроме начального элемента ввода | З. А. |
| Даты | 1908-1996 |
| Расширение инициалов личного имени | Зайнаб Абдулловна |
| Идентификатор авторитетной/нормативной записи | RU\NLR\AUTH\77490 |
| Системный номер авторитетной/нормативной записи | 110539 |
| 790 #1 - ИМЯ ЛИЦА - АЛЬТЕРНАТИВНАЯ ФОРМА | |
| Графика поля | Кириллица |
| Материалы, к которым относится поле | bak |
| Начальный элемент ввода | Биишева |
| Часть имени, кроме начального элемента ввода | З. А. ҡыҙы |
| Даты | 1908-1996 |
| Расширение инициалов личного имени | Зәйнәб Абдулла ҡыҙы |
| Системный номер авторитетной/нормативной записи | 130666 |
| Идентификатор авторитетной/нормативной записи | RU\NLR\auth-onl\77610 |
| 790 #1 - ИМЯ ЛИЦА - АЛЬТЕРНАТИВНАЯ ФОРМА | |
| Графика поля | Латинская |
| Материалы, к которым относится поле | rus |
| Начальный элемент ввода | Biiševa |
| Часть имени, кроме начального элемента ввода | Z. A. |
| Даты | 1908-1996 |
| Расширение инициалов личного имени | Zajnab Abdullovna |
| Системный номер авторитетной/нормативной записи | 134661 |
| Идентификатор авторитетной/нормативной записи | RU\NLR\AUTH\770134695 |
| 801 #0 - ИСТОЧНИК ЗАПИСИ | |
| Страна | российская федерация |
| Организация | РГБ |
| Дата составления | 20140206 |
| Правила каталогизации | RCR |
| 852 ## - МЕСТОНАХОЖДЕНИЕ И ШИФР ХРАНЕНИЯ | |
| Идентификатор организации | NLR |
| Наименование фонда или коллекции (Sub-Location Identifier) | ОНЛ |
| Шифр хранения (Call Number) | Башк./4-558 |
| 942 ## - ДОПОЛНИТЕЛЬНЫЕ ЭЛЕМЕНТЫ ЗАПИСИ (АБИС) | |
| Тип экземпляра АБИС | Книга |
| 980 ## - КОЛЛЕКЦИЯ | |
| Название коллекции | НБР |
Нет доступных экземпляров.